000 00837nam a22003130a 4500
001 PT52550
003 AR-LpoUNG
005 20210131231522.0
008 191001s2007||||mx |||||||||||||||||spa d
020 _a9789682300400
_c$44,66
040 _aAR-LpoUNG
_bspa
_cAR-LpoUNG
_eaacr
041 _aspa
044 _amx
082 0 _aA863 827ter
100 1 _aCortázar, Julio
245 1 0 _aTerritorios
250 _a8va. ed.
260 _aMéxico, D. F. :
_bSiglo Veintiuno,
_c2007.
300 _a143 p. :
_bgráfs., il.
505 0 _aEl inventario 58086 corresponde a la 1ra. ed., 8va. reimpr. de 2011.
650 4 _aARGENTINA
650 4 _aCUENTOS
650 4 _aFICCION
650 4 _aLITERATURA
651 4 _aDOCUMENTOS TEORICOS O METODOLOGICOS
653 _aLITERATURA ARGENTINA
905 _a52550
942 _cLSALA
999 _c10489
_d10489